| 000 | 01215nam a2200325 i 4500 | ||
|---|---|---|---|
| 001 | 768714001 | ||
| 003 | CO-MdFUSB | ||
| 005 | 20260321103347.0 | ||
| 007 | ta | ||
| 008 | 171123t1917 -us||||| |||| 00| 0 spa d | ||
| 020 | _q[No incluye ISBN] | ||
| 040 |
_aCO-MdFUSB _bspa _cCO-MdFUSB _dCO-MdFUSBC _erda |
||
| 041 | 0 | _aspa | |
| 082 | 0 | 4 |
_a226.5 _223 _bR6491d |
| 100 | 1 |
_aRobertson, A. T. (Archibald Thomas) (1863-1934) _eautor |
|
| 245 | 3 |
_aLa divinidad de Cristo : _bcomo se encuentra en el evangelio de Juan _c/ A. T. Robertson ; traducido por Sara A. Hale |
|
| 264 | 0 |
_aEl Paso, TX., USA : _bCasa Bautista de Publicaciones, _c[1917 |
|
| 300 |
_a138 Pag _c; |
||
| 336 |
_2rdacontent _atexto _btxt |
||
| 337 |
_2rdamedia _asin mediación _bn |
||
| 338 |
_2rdacarrier _avolumen _bnc |
||
| 505 | _aPuntos preliminares. -- La manifestación del Mesías. -- El creciente odio en contra de Jesús. -- El secreto de Jesús. -- El desprecio de los enemigos de Cristo. -- La vindicación. | ||
| 563 | _aPasta dura | ||
| 650 | 7 |
_aDios _9178 |
|
| 653 | _aJesucristo - Dios | ||
| 653 | _aInterpretación de la Biblia N.T. - Juan | ||
| 700 |
_aHale, Sara A. _etraductor _96541 |
||
| 942 | _cBK | ||
| 945 | _aJTF-925 | ||
| 999 |
_c35088 _d35088 |
||